| 000 | 01377nam0a22002891 4500 | ||
|---|---|---|---|
| 001 | rc\1006930 | ||
| 005 | 20260407085448.0 | ||
| 035 | _a(NLR Aleph) 006172781 | ||
| 090 |
_a5982447 _c5982447 |
||
| 100 | _a20041129d1981 |||y0rusy50 ca | ||
| 101 | 0 | _arus | |
| 102 | _aRU | ||
| 105 | _ay ||||||||| | ||
| 200 | 1 |
_aХимически стойкие материалы на основе эпоксидных смол _f[Сост. С.С. Вейкша, Э.С. Белая] |
|
| 210 |
_aМ. _cНИИТЭхим _d1981 |
||
| 215 |
_a15 с. _d20 |
||
| 225 | 1 |
_aХимическая промышленность _eОбзор. информ. _fМ-во хим. пром-сти, НИИ техн.-экон. исслед. _iСерия "Эпоксидные смолы и материалы на их основе" |
|
| 300 | _aСост. указаны в вып. дан. | ||
| 320 | _aБиблиогр.: с. 12-15 (65 назв.) | ||
| 700 | 1 |
_aВейкша _bС.С. _gСветлана Сергеевна |
|
| 701 | 1 |
_aБелая _bЭ.С. _gЭлеонора Сергеевна |
|
| 712 | 0 | 2 |
_aНИИ технико-экономических исследований Министерства химической промышленности СССР _3RU\NLR\AUTH\8813349 _9299715 |
| 801 | 0 |
_aRU _bNLR _gpsbo |
|
| 801 | 1 |
_aRU _bELAR _2rusmarc |
|
| 852 |
_aNLR _j82-4/7064 |
||
| 942 | _cBOOK | ||
| 980 | _aNB | ||